01421nam a22002057a 45000010005000000030006000050050017000110080041000280200018000690400029000870500008001160820010001241000026001342450080001602600052002403000040002925200835003326500019011677000029011869750FISKH20260204155409.0260204b cb ||||| |||| 00| 0 eng d a9781107626867 aFISKHbengcFISKHdFISKH aPZ7 a428.2 aBoylan, JaneeAuthor  aCambridge global English activity book 6 /cJane Boylan and Claire Medwell  aCambridge :bCambridge University Press ,c2014 a111 pages :billustrations ;c28 cm aCambridge Global English (1-6) is a six-level Primary course following the Cambridge Primary English as a Second Language Curriculum Framework developed by Cambridge English Language Assessment. Activity Book 6 provides additional practice activities to consolidate language skills and content material introduced in Learner's Book 6. Nine units correspond with the topics, texts and language input of Learner's Book 6 with each lesson of the Learner's Book supported by two pages in the Activity Book. Learning is reinforced through activities clearly framed within the 'I can' objectives of the course, opportunities for personalisation and creative work and a higher level of challenge to support differentiation. Each unit in the Activity Book ends with revision and opportunity for self-assessment. CEFR Level: A2 towards B1. aLearner's book aMedwell, Claire eAuthor